00493nam a2200205Ia 4500008004100000020001800041050001400059100002100073245001700094245002300111245002400134260001500158260001600173260000900189300001400198300002700212300001000239440003000249500000800279170918s9999 xx 000 0 und d a9780439082846 bB852 1999 aBridwell, Norman aClifford's : bfirst school day / cby Norman Bridwell. aNew York : bScholastic, c1999 aunpaged : bcolored illustration ; c20cm. aClifford the big red dog. a440